NBA Most Threes in a Game - Statistics

General Stats
  • This quiz has been taken 17 times
  • The average score is 4 of 8
Answer Stats
Threes Player % Correct
14 Klay Thompson
100%
13 Stephen Curry
100%
13 Damian Lillard
80%
13 Zach Lavine
53%
12 Kobe Bryant
40%
12 Keegan Murray
33%
12 Trey Murphy III
27%
12 Donyell Marshall
13%
No matching quizzes found
Score Distribution
Percent of People with Each Score
Percentile by Number Answered
Your Score History
You have not taken this quiz